<?xml version="1.0" encoding="UTF-8"?><?xml-stylesheet type="text/xsl" href="static/style.xsl"?><OAI-PMH xmlns="http://www.openarchives.org/OAI/2.0/" xmlns:xsi="http://www.w3.org/2001/XMLSchema-instance" xsi:schemaLocation="http://www.openarchives.org/OAI/2.0/ http://www.openarchives.org/OAI/2.0/OAI-PMH.xsd"><responseDate>2026-04-13T03:13:59Z</responseDate><request verb="GetRecord" identifier="oai:www.recercat.cat:2445/110831" metadataPrefix="marc">https://recercat.cat/oai/request</request><GetRecord><record><header><identifier>oai:recercat.cat:2445/110831</identifier><datestamp>2025-12-05T10:15:01Z</datestamp><setSpec>com_2072_1057</setSpec><setSpec>col_2072_478856</setSpec><setSpec>col_2072_478917</setSpec></header><metadata><record xmlns="http://www.loc.gov/MARC21/slim" xmlns:dcterms="http://purl.org/dc/terms/" xmlns:xsi="http://www.w3.org/2001/XMLSchema-instance" xmlns:doc="http://www.lyncode.com/xoai" xsi:schemaLocation="http://www.loc.gov/MARC21/slim http://www.loc.gov/standards/marcxml/schema/MARC21slim.xsd">
   <leader>00925njm 22002777a 4500</leader>
   <datafield ind2=" " ind1=" " tag="042">
      <subfield code="a">dc</subfield>
   </datafield>
   <datafield ind2=" " ind1=" " tag="720">
      <subfield code="a">Roca, Francesc, 1945-</subfield>
      <subfield code="e">author</subfield>
   </datafield>
   <datafield ind2=" " ind1=" " tag="260">
      <subfield code="c">2017-05-11T10:11:13Z</subfield>
   </datafield>
   <datafield ind2=" " ind1=" " tag="260">
      <subfield code="c">2017-05-11T10:11:13Z</subfield>
   </datafield>
   <datafield ind2=" " ind1=" " tag="260">
      <subfield code="c">2010</subfield>
   </datafield>
   <datafield ind2=" " ind1=" " tag="260">
      <subfield code="c">2017-05-11T10:11:14Z</subfield>
   </datafield>
   <datafield ind2=" " ind1=" " tag="520">
      <subfield code="a">L'atractiu de Barcelona i de les altres ciutats catalanes ha estat, i és, múltiple: la feina pagada (de peó, manobre, mainadera, artesà, tècnic), l'alimentació i l'aigua potable (que cal pagar), les vacances i els petits i grans plaers de la vida (que també cal pagar), la formació personal. L'aventura. Els CAP i els hospitals. I el Barça i altres mites de l'imaginari col·lectiu: Montserrat, la Costa Brava, Sitges, el cava, Gaudí, Dalí, Montserrat Caballé, Carreras, Serrat, Mallorca. Ara bé: l'atracció pels de fora d'una ciutat, o d'un país, per forta que sigui, no és suficient. Cal que s'hi pugui viure (de forma relativament estable, o per un cert temps) sense massa ensurts. El model urbà català, d'arrels antigues però configurat, en una primera etapa, entre 1854 i 1888, ha materialitzat aquesta atracció. Els elements que dibuixen aquest model són, alhora, molt coneguts i mal coneguts. Per exemple, els plans d'eixample, des de Cerdà (1859), han originat papers, exposicions, debats, films. Però, encara no n'hem calculat l'impacte sobre el creixement econòmic català, car sembla ben cert que han reduït considerablement els costos de la congestió de les ciutats industrials.</subfield>
   </datafield>
   <datafield tag="653" ind2=" " ind1=" ">
      <subfield code="a">Urbanisme</subfield>
   </datafield>
   <datafield tag="653" ind2=" " ind1=" ">
      <subfield code="a">Catalunya</subfield>
   </datafield>
   <datafield tag="653" ind2=" " ind1=" ">
      <subfield code="a">Història contemporània</subfield>
   </datafield>
   <datafield tag="653" ind2=" " ind1=" ">
      <subfield code="a">City planning</subfield>
   </datafield>
   <datafield tag="653" ind2=" " ind1=" ">
      <subfield code="a">Catalonia</subfield>
   </datafield>
   <datafield tag="653" ind2=" " ind1=" ">
      <subfield code="a">Modern history</subfield>
   </datafield>
   <datafield ind2="0" ind1="0" tag="245">
      <subfield code="a">L'èxit del model urbà català</subfield>
   </datafield>
</record></metadata></record></GetRecord></OAI-PMH>